Dr. Zöld Sándor elvtárs bemutatkozó látogatása
Elmentve itt :
| Dokumentumtípus: | Cikk |
|---|---|
| Megjelent: |
1946-11-10
|
| Sorozat: | Délmagyarország
|
| Kulcsszavak: | Zöld Sándor, Politikai élet Szeged 1946 |
| Online Access: | http://dmarchiv.bibl.u-szeged.hu/51604 |
| LEADER | 00438nab a2200145 i 4500 | ||
|---|---|---|---|
| 001 | delm51604 | ||
| 005 | 20180927134802.0 | ||
| 008 | 180927s1946 hu o 0|| hun d | ||
| 040 | |a SZTE Délmagyarország Archívum |b hun | ||
| 041 | |a hun | ||
| 245 | 0 | 0 | |a Dr. Zöld Sándor elvtárs bemutatkozó látogatása |h [elektronikus dokumentum] |
| 260 | |c 1946-11-10 | ||
| 300 | |a 2 | ||
| 490 | 0 | |a Délmagyarország | |
| 695 | |a Zöld Sándor, Politikai élet Szeged 1946 | ||